| 000 | 00613nam a2200229Ia 4500 | ||
|---|---|---|---|
| 003 | OSt | ||
| 005 | 20230615141813.0 | ||
| 008 | 210423s2018 xx 000 0 und d | ||
| 020 | _a978-93259-8669-5 | ||
| 040 | _cAL | ||
| 041 | _aeng | ||
| 082 |
_a658.4 _223 _bSINO |
||
| 100 |
_aSINGH (Kavitha) _992500 |
||
| 245 | _aOrganizational behaviour: text and cases Ed 3 | ||
| 250 | _a3 | ||
| 260 |
_aNoida _bVikas Publications _c2018 |
||
| 300 |
_axiii,564 _bPB |
||
| 365 |
_b475 _cINR |
||
| 650 |
_aExecutive Management _992501 |
||
| 906 | _aBehaviour ; behaviour: ; Cases ; Organizational | ||
| 942 |
_2ddc _cBK |
||
| 999 |
_c170162 _d170162 |
||